[Event "Mechanics' Winter TNM; 30/90, SD/30"]
[Site "San Francisco"]
[Date "2015.01.13"]
[Round "2.11"]
[White "Bekhtur, Bayaraa"]
[Black "Smith, Mahlon A"]
[Result "1-0"]
[WhiteElo "1731"]
[BlackElo "2121"]
[Annotator "Donaldson"]
[PlyCount "119"]
[EventDate "2015.??.??"]

1. e4 c5 2. Nf3 d6 3. d4 cxd4 4. Nxd4 Nf6 5. Nc3 a6 6. a4 e5 7. Nf3 Qc7 8. Be2
Be6 9. O-O Nbd7 10. Ne1 Rc8 11. Kh1 Be7 12. Nd3 O-O 13. f3 d5 14. exd5 Nxd5 15.
Nxd5 Bxd5 16. c3 Rfd8 17. Qe1 Nc5 18. Be3 Nxd3 19. Bxd3 Bc4 20. Bxc4 Qxc4 21.
Bb6 Rd5 22. Rd1 Rc6 23. a5 Rcd6 24. Rb1 Bf6 25. b3 Qc6 26. c4 Rd3 27. Qb4 Qd7
28. Bc5 Re6 29. Rbe1 Be7 30. Re2 Bxc5 31. Qxc5 f6 32. Qb4 Red6 {Establishing
"Alekhine's gun" - tripling on an open file with the queen as the trailing
piece.} 33. h3 Rd2 34. Rff2 Rd1+ 35. Kh2 R6d4 36. Qc5 h5 37. f4 e4 38. Qxh5
R1d3 39. Rf3 Rxf3 40. gxf3 f5 41. fxe4 Rxe4 42. Rxe4 fxe4 43. Qd5+ Qxd5 44.
cxd5 Kf7 45. Kg2 Ke7 46. Kf2 Kd6 47. Ke3 Kxd5 48. h4 g6 49. b4 Kc4 50. Kxe4
Kxb4 51. f5 gxf5+ 52. Kxf5 Kxa5 53. h5 b5 54. h6 b4 55. h7 b3 56. h8=Q Ka4 57.
Ke4 Kb4 58. Kd3 a5 59. Qf8+ Kb5 60. Kc3 1-0

[Event "Mechanics' Winter TNM; 30/90, SD/30"]
[Site "San Francisco"]
[Date "2015.02.24"]
[Round "8.7"]
[White "Bekhtur, Bayaraa"]
[Black "Stearman, Josiah"]
[Result "0-1"]
[WhiteElo "1731"]
[BlackElo "2195"]
[PlyCount "84"]
[EventDate "2015.??.??"]

1. e4 c5 2. c4 Nc6 3. Ne2 e6 4. d4 cxd4 5. Nxd4 Bc5 6. Nxc6 bxc6 7. Be2 Ne7 8.
O-O O-O 9. Nc3 d5 10. Qa4 d4 11. b4 Bd6 12. c5 Be5 13. f4 d3 14. fxe5 Qd4+ 15.
Kh1 Qxc3 16. Bg5 dxe2 17. Rfc1 e1=Q+ 18. Rxe1 f6 19. exf6 gxf6 20. Bh6 Rd8 21.
Qa5 Rd7 22. Rad1 Rb8 23. Rf1 Rb5 24. Rxd7 Rxa5 25. Rxe7 Qd3 26. Re8+ Kf7 27.
Rf8+ Ke7 28. R8xf6 Qxf1+ 29. Rxf1 Rxa2 30. Bf8+ Kd7 31. Bd6 e5 32. Rf7+ Ke6 33.
Re7+ Kf6 34. h3 Be6 35. Rc7 Bc4 36. Rxc6 Bf1 37. Bb8+ Kg5 38. h4+ Kg4 39. g3
Kh3 40. Kg1 Bb5 41. Rh6 Rg2+ 42. Kh1 Rf2 0-1

[Event "Mechanics' Winter TNM; 30/90, SD/30"]
[Site "San Francisco"]
[Date "2015.01.27"]
[Round "4.5"]
[White "Bekhtur, Bayaraa"]
[Black "Wong, Russell"]
[Result "1-0"]
[WhiteElo "1731"]
[BlackElo "2215"]
[Annotator "Donaldson"]
[PlyCount "47"]
[EventDate "2015.??.??"]

1. e4 Nf6 2. e5 Nd5 3. c4 Nb6 4. d4 d6 5. f4 dxe5 6. fxe5 Bf5 7. Be3 e6 8. Nc3
Nc6 9. Be2 Qd7 10. Nf3 O-O-O 11. O-O f6 (11... Bg4) 12. a3 (12. d5) 12... Bg4 (
12... fxe5 13. dxe5 Qxd1 14. Raxd1 Be7) 13. b4 Bxf3 14. Rxf3 fxe5 15. d5 Qe8 (
15... exd5) 16. Bxb6 cxb6 (16... axb6) 17. Qa4 Nd4 18. Qxa7 Kc7 19. Nb5+ Nxb5
20. cxb5 Ra8 21. Rc1+ Bc5+ 22. Rxc5+ bxc5 23. d6+ Kxd6 24. Qxc5+ 1-0

[Event "Mechanics' Fall TNM; G/2"]
[Site "San Francisco"]
[Date "2015.12.15"]
[Round "9.23"]
[White "Bertot, German"]
[Black "Bhattacharjee, Shiva"]
[Result "0-1"]
[WhiteElo "1601"]
[BlackElo "1355"]
[Annotator "Donaldson"]
[PlyCount "52"]
[EventDate "2015.??.??"]

1. d4 Nf6 2. Nf3 g6 3. c4 Bg7 4. Nc3 d6 5. e4 O-O 6. Be3 Ng4 7. Bd2 e5 8. d5 f5
9. h3 Nf6 10. Bd3 f4 11. Qe2 a5 12. g3 fxg3 13. fxg3 Nh5 14. Qg2 Nd7 15. O-O-O
Nc5 16. Bc2 a4 17. a3 Nb3+ 18. Bxb3 axb3 19. Rdf1 c6 20. Ng5 Bf6 21. Nf3 b5 22.
dxc6 b4 23. Nb5 bxa3 24. Nxa3 Be6 25. Rd1 Bxc4 (25... Qb6) 26. Nxc4 $4 (26. Bh6
) 26... Ra1# 0-1

[Event "Mechanics' Summer TNM; G/2"]
[Site "San Francisco"]
[Date "2015.06.23"]
[Round "5.24"]
[White "Bertot, German"]
[Black "Eytan, David"]
[Result "0-1"]
[WhiteElo "1628"]
[BlackElo "1576"]
[PlyCount "78"]
[EventDate "2015.??.??"]

1. d4 f5 2. Nf3 Nf6 3. c4 e6 4. Nc3 b6 5. e3 Bb7 6. Be2 Be7 7. b3 O-O 8. Bb2
Nc6 9. O-O a6 10. d5 exd5 11. Nxd5 Nb4 12. Nxe7+ Qxe7 13. a3 Nc6 14. Qc2 Ne4
15. Rad1 d6 16. Bd3 Ne5 17. Nxe5 dxe5 18. f3 Nd6 19. c5 bxc5 20. Qxc5 Rae8 21.
Rc1 Qg5 22. Bxe5 Re6 23. Bf4 Qh5 24. Qd4 Rg6 25. Rxc7 Bxf3 26. Bg3 Be4 27. Bxe4
Nxe4 28. Qc4+ Kh8 29. Rc8 Rgf6 30. Rxf8+ Rxf8 31. Qxa6 Nxg3 32. hxg3 Qg5 33.
Qd3 Qxg3 34. Rxf5 Qe1+ 35. Rf1 Rxf1+ 36. Qxf1 Qxe3+ 37. Qf2 Qc1+ 38. Qf1 Qxa3
39. Qf8+ $4 Qxf8 0-1

[Event "Mechanics' Spring TNM; G/2"]
[Site "San Francisco"]
[Date "2015.04.21"]
[Round "6.14"]
[White "Bertot, German"]
[Black "Gerwin, Gene"]
[Result "1/2-1/2"]
[WhiteElo "1628"]
[BlackElo "1910"]
[PlyCount "89"]
[EventDate "2015.??.??"]

1. d4 g6 2. c4 Bg7 3. Nf3 d6 4. Nc3 c5 5. d5 Nf6 6. e4 Na6 7. Be2 Nc7 8. Qc2 a6
9. a4 Rb8 10. Rb1 e6 11. O-O O-O 12. Bg5 h6 13. Bh4 g5 14. Bg3 Nh5 15. Qd3 Nxg3
16. fxg3 b5 17. axb5 axb5 18. Nxb5 Nxb5 19. cxb5 exd5 20. exd5 Bd7 21. Qd2 Bxb5
22. Bxb5 Rxb5 23. b4 Qb6 24. bxc5 Qxc5+ 25. Kh1 Qxd5 26. Qxd5 Rxd5 27. Rfd1
Rxd1+ 28. Rxd1 Rd8 29. Nd4 Bxd4 30. Rxd4 Kf8 31. Kg1 Ke7 32. Re4+ Kf6 33. g4 d5
34. Re1 d4 35. Kf2 d3 36. Rd1 Ke5 37. Ke3 Rd4 38. h3 Re4+ 39. Kxd3 Rd4+ 40. Ke2
Rxd1 41. Kxd1 f5 42. gxf5 Kxf5 43. Ke2 Kf4 44. Kf2 h5 45. Kg1 1/2-1/2

[Event "Mechanics' Spring TNM; G/2"]
[Site "San Francisco"]
[Date "2015.05.05"]
[Round "8.17"]
[White "Bertot, German"]
[Black "Gupta, Vishrut"]
[Result "1-0"]
[WhiteElo "1801"]
[BlackElo "1547"]
[PlyCount "63"]
[EventDate "2015.??.??"]

1. d4 d5 2. c4 e6 3. Nc3 Nf6 4. Bg5 Be7 5. e3 Nbd7 6. Nf3 c5 7. cxd5 Nxd5 8.
Bxe7 Qxe7 9. Nxd5 exd5 10. dxc5 Qxc5 11. Bd3 O-O 12. O-O Nf6 13. Rc1 Qb4 14.
Qc2 Bg4 15. a3 Qd6 16. Nd4 Rac8 17. Qd2 a6 18. h3 Bh5 19. Nf5 Qe5 20. Qb4 Rc7
21. Rxc7 Qxc7 {Diagram #} 22. Ne7+ Kh8 23. Ng6+ hxg6 24. Qxf8+ Kh7 25. Qb4 Kh6
26. g4 Qd7 27. Kg2 Nxg4 28. hxg4 Bxg4 29. Rh1+ Bh5 30. Qf4+ g5 31. Rxh5+ Kxh5
32. Qh2+ 1-0

[Event "Mechanics' Spring TNM; G/2"]
[Site "San Francisco"]
[Date "2015.04.07"]
[Round "4.39"]
[White "Bertot, German"]
[Black "McCarty-Snead, Fianna"]
[Result "1-0"]
[WhiteElo "1628"]
[BlackElo "638"]
[PlyCount "77"]
[EventDate "2015.??.??"]

1. d4 d5 2. c4 dxc4 3. Nf3 Nc6 4. Nc3 e6 5. e3 Bb4 6. Bxc4 Na5 7. Bd3 Nf6 8.
Qa4+ Nc6 9. Bb5 Bxc3+ 10. bxc3 a6 11. Bxc6+ Bd7 12. Bxd7+ Qxd7 13. Qxd7+ Nxd7
14. Ba3 Nf6 15. Rb1 Ne4 16. Rb3 Rd8 17. Ke2 Rd5 18. Nd2 Ra5 19. Nxe4 b5 20. Ra1
f5 21. Nc5 O-O 22. Bb4 Ra4 23. Nxa4 Rf6 24. Nc5 Rg6 25. g3 Rh6 26. h4 Rh5 27.
Nxe6 Kf7 28. Nxc7 g5 29. hxg5 Rxg5 30. Rh1 Rg7 31. Nxa6 Kf6 32. f4 Ra7 33. Rh6+
Kg7 34. Rc6 Kh8 35. Bc5 Rg7 36. Rxb5 h5 37. Rh6+ Kg8 38. Rb8+ Kf7 39. Rf8# 1-0

[Event "Mechanics' Fall TNM; G/2"]
[Site "San Francisco"]
[Date "2015.12.01"]
[Round "7.18"]
[White "Bertot, German"]
[Black "Newey, Richard H"]
[Result "0-1"]
[WhiteElo "1601"]
[BlackElo "1855"]
[PlyCount "80"]
[EventDate "2015.??.??"]

1. d4 Nf6 2. Nf3 d5 3. c4 e6 4. Nc3 Bb4 5. Bd2 Nc6 6. e3 O-O 7. Qc2 Ne7 8. c5
b6 9. a3 Bxc3 10. Bxc3 bxc5 11. dxc5 Ne4 12. Bd4 Nc6 13. Bd3 Nxd4 14. Nxd4 e5
15. Nf3 Nxf2 16. Bxh7+ Kh8 17. Qxf2 Kxh7 18. O-O f6 19. Nxe5 Qe8 20. Nf3 Rh8
21. Rad1 Be6 22. Nd4 Kg8 23. Qg3 Qf7 24. b4 a6 25. Rf4 Rf8 26. Rh4 Rxh4 27.
Qxh4 Qe7 28. Rf1 Bd7 29. Qg3 Re8 30. Rf3 Qe4 31. Qxc7 Re7 32. Qg3 Kf7 33. c6
Bc8 34. Qb8 Bg4 35. Rg3 Qb1+ 36. Kf2 Qb2+ 37. Kg1 Qc1+ 38. Kf2 Qd2+ 39. Kf1
Rxe3 40. Qd6 Qe1# 0-1

[Event "Mechanics' Spring TNM; G/2"]
[Site "San Francisco"]
[Date "2015.03.24"]
[Round "2.30"]
[White "Bertot, German"]
[Black "Olson, David"]
[Result "1-0"]
[WhiteElo "1628"]
[BlackElo "1426"]
[PlyCount "53"]
[EventDate "2015.??.??"]

1. d4 Nf6 2. c4 g6 3. Nc3 d5 4. e3 Bg7 5. Nf3 O-O 6. Qc2 Re8 7. cxd5 Nxd5 8.
Nxd5 Qxd5 9. Bc4 Qc6 10. Qb3 e6 11. Bb5 Qd6 12. Bxe8 c6 13. Bd2 Qe7 14. Bxf7+
Qxf7 15. Rc1 a5 16. O-O b5 17. a4 b4 18. Ne5 Qe8 19. Qd1 Bb7 20. Qg4 Na6 21.
Nc4 Bc8 22. Qf4 c5 23. b3 cxd4 24. exd4 Qd7 25. Nb6 e5 26. Nxd7 exf4 27. Nb6
1-0

[Event "Mechanics' Fall TNM; G/2"]
[Site "San Francisco"]
[Date "2015.10.27"]
[Round "2.35"]
[White "Bertot, German"]
[Black "Otterbach, Renate"]
[Result "1-0"]
[WhiteElo "1601"]
[BlackElo "1101"]
[PlyCount "49"]
[EventDate "2015.??.??"]

1. d4 e6 2. Nf3 f5 3. Nc3 Nf6 4. b3 Be7 5. Bb2 O-O 6. e3 b6 7. Qd2 Bb7 8. O-O-O
a6 9. Rg1 Rf7 10. Kb1 Ne4 11. Nxe4 Bxe4 12. Ne5 Rf6 13. Nc4 d5 14. Ne5 Qe8 15.
f3 Qf8 16. fxe4 fxe4 17. Be2 Qe8 18. Rdf1 Rh6 19. h3 Nc6 20. Nxc6 Qxc6 21. Qc3
Qb7 22. Rf2 a5 23. Bb5 Rf6 24. Rxf6 Bxf6 25. Bc6 1-0

[Event "Mechanics' Summer TNM; G/2"]
[Site "San Francisco"]
[Date "2015.07.14"]
[Round "8.29"]
[White "Bertot, German"]
[Black "Robertson, Guy R"]
[Result "0-1"]
[WhiteElo "1628"]
[BlackElo "1461"]
[Annotator "Donaldson"]
[PlyCount "82"]
[EventDate "2015.??.??"]

1. d4 Nf6 2. c4 g6 3. Nc3 d6 4. e4 Bg7 5. Nf3 O-O 6. Be2 Na6 7. Be3 c5 8. d5
Nc7 9. O-O b6 10. Rc1 a6 11. a4 Bd7 12. Qc2 Rb8 13. Rb1 a5 14. Bf4 Nh5 15. Be3
h6 16. Qd2 Kh7 17. Nh4 Nf6 18. h3 Qc8 19. f4 Bxh3 20. gxh3 Qxh3 21. Ng2 Ng4 22.
Bxg4 Qxg4 23. Qe2 Qd7 24. Bd2 Ne8 25. f5 gxf5 26. Rxf5 Nf6 27. Rbf1 Qe8 28. Qf3
Rb7 29. Qh3 Ng8 30. Ne3 f6 31. R1f2 e6 32. Rh5 f5 33. exf5 exf5 34. Rhxf5 Rxf5
35. Qxf5+ $18 Kh8 36. Ng4 Bd4 {Diagram #} 37. Ne3 $4 (37. Ne4 $18) 37... Rg7+
38. Kf1 $2 (38. Kh2 Bxe3 39. Bxe3 Qxe3 40. Qf4 $11) 38... Bxe3 39. Bxe3 Qxe3
40. Qf4 Qd3+ 41. Ne2 $2 Qd1# 0-1

[Event "Mechanics' Summer TNM; G/2"]
[Site "San Francisco"]
[Date "2015.06.02"]
[Round "2.31"]
[White "Bertot, German"]
[Black "Stinson, Russell"]
[Result "1-0"]
[WhiteElo "1628"]
[BlackElo "1524"]
[Annotator "Donaldson"]
[PlyCount "69"]
[EventDate "2015.??.??"]

1. d4 e6 2. c4 d5 3. Nc3 Nf6 4. Nf3 Be7 5. Bg5 O-O 6. e3 h6 7. Bh4 Ne4 8. Bxe7
Qxe7 9. Qc2 Nxc3 10. Qxc3 dxc4 11. Bxc4 b6 12. Rc1 Bb7 13. Be2 Nc6 14. O-O Rac8
15. Bb5 Nb4 16. Bc4 Bxf3 17. gxf3 Nd5 18. Bxd5 exd5 19. Kh1 c5 20. Rg1 Qb7 21.
e4 (21. dxc5 d4 22. exd4 Qd5 23. Rce1 $18) 21... dxe4 22. dxc5 f6 23. c6 Qe7
24. Qe3 f5 25. Qxh6 Rf6 26. Qg5 exf3 27. Rce1 Qf7 28. Qf4 Qh5 29. Rg5 Qh6 30.
Reg1 Rg6 31. Qc4+ Re6 32. Rxg7+ Kh8 33. c7 Re1 34. Rg8+ Kh7 35. Qf7+ 1-0

[Event "Mechanics' Fall TNM; G/2"]
[Site "San Francisco"]
[Date "2015.11.17"]
[Round "5.15"]
[White "Bertot, German"]
[Black "Wong, Russell"]
[Result "0-1"]
[WhiteElo "1601"]
[BlackElo "2200"]
[PlyCount "56"]
[EventDate "2015.??.??"]

1. d4 Nf6 2. c4 c5 3. d5 d6 4. Nc3 g6 5. Nf3 Bg7 6. e4 O-O 7. Be2 a6 8. O-O b5
9. cxb5 axb5 10. Bxb5 Ba6 11. Qc2 Qb6 12. a4 Nfd7 13. Bxa6 Nxa6 14. Nb5 Rfb8
15. Bd2 Nc7 16. Nxc7 Qxc7 17. Bc3 Qb6 18. Bxg7 Kxg7 19. Rfb1 Qb4 20. h3 Nf6 21.
Nd2 Qd4 22. a5 Rb4 23. a6 Nxe4 24. Nxe4 Qxe4 25. Qxe4 Rxe4 26. Ra2 Rb4 27. Kf1
Ra7 28. Ke2 Rb6 0-1

[Event "Mechanics' Fall TNM; G/2"]
[Site "San Francisco"]
[Date "2015.12.01"]
[Round "7.25"]
[White "Bhattacharjee, Shiva"]
[Black "Askin, David Benja"]
[Result "1/2-1/2"]
[WhiteElo "1355"]
[BlackElo "1974"]
[PlyCount "68"]
[EventDate "2015.??.??"]

1. c4 Nf6 2. d4 g6 3. Nc3 d5 4. Nf3 Bg7 5. e3 O-O 6. Be2 dxc4 7. O-O c5 8. Bxc4
cxd4 9. exd4 Nc6 10. Re1 Bg4 11. d5 Bxf3 12. Qxf3 Nd4 13. Qd3 Nd7 14. Bg5 Re8 {
Diagram #} 15. f4 $2 (15. d6 $1 Ne5 16. Rxe5 Bxe5 17. dxe7 $14) 15... Nf5 16.
g4 Nd6 17. Bb3 Nc5 18. Qe3 Nxb3 19. axb3 Qd7 20. Qf3 a6 21. Kh1 Rac8 22. Re3
Rc5 23. Rae1 Nc8 24. d6 Rxg5 $6 (24... e6) 25. fxg5 Nxd6 26. Nd5 e6 27. Nf6+
Bxf6 28. gxf6 Nb5 29. Qf4 (29. Rd3 Qc7 30. Red1) 29... Kh8 30. Qh6 Qd5+ 31. Kg1
Rg8 32. Rh3 Qd4+ 33. Kh1 $2 (33. Kg2 Qxg4+ (33... Qd5+ 34. Kf1 Qh1+ 35. Kf2)
34. Kh1 $18) 33... Qd5+ 34. Kg1 Qd4+ {Again 35.Kg2 won.} 1/2-1/2

[Event "Mechanics' Fall TNM; G/2"]
[Site "San Francisco"]
[Date "2015.11.10"]
[Round "4.16"]
[White "Bhattacharjee, Shiva"]
[Black "Drane, Robert W"]
[Result "0-1"]
[WhiteElo "1355"]
[BlackElo "1909"]
[Annotator "Winslow"]
[PlyCount "48"]
[EventDate "2015.??.??"]

1. c4 f5 2. d4 Nf6 3. Nc3 e6 4. a3 b6 5. Bg5 Bb7 6. Nf3 Be7 7. h4 d6 8. Qd3
Nbd7 9. O-O-O {Diagram [#]} Ng4 $1 10. Bxe7 (10. Be3 f4 {doesn't change it})
10... Qxe7 11. Rg1 Nxf2 12. Qd2 Nxd1 13. Qxd1 Nf6 14. Qe1 O-O 15. Nd2 e5 16.
dxe5 Qxe5 17. e3 Rae8 18. e4 fxe4 19. g4 e3 20. Nb3 Bf3 21. Be2 Ne4 22. Nd5 Nd2
23. Bxf3 Nxf3 24. Qg3 Nxg1 0-1

[Event "Mechanics' Fall TNM; G/2"]
[Site "San Francisco"]
[Date "2015.11.03"]
[Round "3.25"]
[White "Bhattacharjee, Shiva"]
[Black "Yamamoto, Craig"]
[Result "1-0"]
[WhiteElo "1355"]
[BlackElo "1656"]
[PlyCount "46"]
[EventDate "2015.??.??"]

1. c4 e5 2. Nc3 Nc6 3. Nf3 f5 4. d3 Nf6 5. a3 a5 6. e3 d5 7. cxd5 Nxd5 8. Qb3
Nxc3 9. bxc3 Qd6 10. Ng5 Qf6 11. e4 h6 12. Nf3 f4 13. Bb2 g5 14. d4 g4 15. dxe5
Nxe5 (15... Qg6) 16. Qb5+ Nc6 {Diagram [#]} 17. Nd4 (17. c4 $1) 17... Bd7 18.
O-O-O Nxd4 19. Qxb7 Bc6 20. Qxc7 Nb3+ (20... Bd6 $1) 21. Kb1 Bxe4+ $2 (21...
Qe6) 22. Ka2 Nc1+ 23. Bxc1 Qf7+ {Both scoresheets now give Bb5+ and 1-0! One
hopes this is a notation error as if this were the case this illegal move
would have required to play 24.Bc4 dropping his queen. Instead trading on f7
followed by Bc4+ is an easy win. Remember once the scoresheets are signed and
the result marked it stands.} 1-0

[Event "Mechanics' Fall TNM; G/2"]
[Site "San Francisco"]
[Date "2015.10.20"]
[Round "1.17"]
[White "Boldi, Ethan Vaugh"]
[Black "Alvarez, Gil"]
[Result "0-1"]
[WhiteElo "1458"]
[BlackElo "2003"]
[PlyCount "60"]
[EventDate "2015.??.??"]

1. e4 e5 2. Nf3 Nf6 3. d3 Nc6 4. Bg5 Be7 5. Nc3 O-O 6. Qd2 d6 7. O-O-O Nd4 8.
Bxf6 Bxf6 9. Kb1 Nxf3 10. gxf3 Bg5 11. Qe2 c6 12. d4 Qe7 13. d5 c5 14. h4 Bf4
15. Bh3 a6 16. Bxc8 Raxc8 17. h5 b5 18. Rdg1 Bh6 19. Nd1 f5 20. Ne3 fxe4 21.
fxe4 Bxe3 22. Qxe3 Rf4 23. h6 g6 24. Rh5 Rcf8 25. Rh2 Qf6 26. Rgg2 Rf3 27. Qd2
Qf4 28. Qa5 Qxe4 29. a3 Qxd5 30. Qc7 R3f7 {
0-1 in 73 moves. Remaining moves unavailable.} 0-1

[Event "Mechanics' Fall TNM; G/2"]
[Site "San Francisco"]
[Date "2015.12.15"]
[Round "9.21"]
[White "Boldi, Ethan Vaugh"]
[Black "Lagrotta, Daniel S"]
[Result "1/2-1/2"]
[WhiteElo "1458"]
[BlackElo "1669"]
[PlyCount "78"]
[EventDate "2015.??.??"]

1. e4 c5 2. Nc3 Nc6 3. f4 e6 4. Nf3 d5 5. exd5 exd5 6. d4 Nf6 7. Bb5 a6 8.
Bxc6+ bxc6 9. O-O Be7 10. Ne5 Qc7 11. Re1 O-O 12. Nxc6 Bd6 13. dxc5 Bxc5+ 14.
Nd4 Qa7 15. Nce2 Re8 16. c3 Bg4 17. h3 Bxe2 18. Rxe2 Rxe2 19. Qxe2 Bxd4+ 20.
cxd4 Qxd4+ 21. Be3 Qe4 22. Rd1 Re8 23. Kf2 Qe6 24. g4 Ne4+ 25. Kf3 h5 26. Qd3
Rd8 27. Qd4 Nf6 28. f5 Qd7 29. Bg5 hxg4+ 30. hxg4 Qd6 31. Bxf6 gxf6 32. Qf4 Qe5
33. Rh1 Qxb2 34. Qh6 Qc3+ 35. Kf2 Qc2+ 36. Kf3 Qd3+ 37. Kg2 Qe2+ 38. Kg3 Qd3+
39. Kg2 Qe2+ 1/2-1/2

[Event "Mechanics' Fall TNM; G/2"]
[Site "San Francisco"]
[Date "2015.11.10"]
[Round "4.38"]
[White "Boldi, Ethan Vaugh"]
[Black "McKellar, Daniel"]
[Result "1/2-1/2"]
[WhiteElo "1458"]
[BlackElo "1596"]
[PlyCount "120"]
[EventDate "2015.??.??"]

1. e4 c5 2. Nc3 g6 3. f4 Bg7 4. Nf3 Nc6 5. Bc4 e6 6. d3 Nge7 7. O-O O-O 8. Qe1
Nd4 9. Nxd4 cxd4 10. Ne2 d5 11. Bb3 dxe4 12. dxe4 a5 13. a3 d3 14. Nc3 dxc2 15.
Bxc2 Qb6+ 16. Kh1 Bd7 17. Rb1 Rac8 18. Be3 Qc7 19. Rd1 Rfd8 20. Qh4 Nc6 21. Nb5
Qb8 22. Bb6 Bxb2 23. Bxd8 Rxd8 24. e5 Be8 25. Rxd8 Qxd8 26. Qxd8 Nxd8 27. Rd1
Bxb5 28. Rxd8+ Kg7 29. a4 Bc6 30. Kg1 Bc1 31. g3 Be3+ 32. Kf1 Bb6 33. Rd1 h5
34. h4 Ba7 35. Ke2 Bc5 36. Ra1 Ba7 37. Bd3 Bd4 38. Rb1 Bxa4 39. Rxb7 Bc6 40.
Rc7 Bd5 41. Bb5 Kf8 42. Rc8+ Kg7 43. Rc7 Kf8 44. Bc4 Bxc4+ 45. Rxc4 Bb6 46. Kf3
Ke7 47. g4 hxg4+ 48. Kxg4 Be3 49. h5 gxh5+ 50. Kxh5 Bb6 51. Kg5 Bd8 52. Kh6 f6
53. Kg7 fxe5 54. fxe5 Bb6 55. Kg6 Bd8 56. Kg5 Kd7+ 57. Kf4 Bc7 58. Ke4 Bb6 59.
Kf4 Bc7 60. Ke4 Bb6 1/2-1/2

[Event "Mechanics' Summer TNM; G/2"]
[Site "San Francisco"]
[Date "2015.07.07"]
[Round "7.29"]
[White "Brown, David G"]
[Black "Bertot, German"]
[Result "1-0"]
[WhiteElo "1323"]
[BlackElo "1628"]
[Annotator "Donaldson"]
[PlyCount "93"]
[EventDate "2015.??.??"]

1. e4 e5 2. Nf3 Nc6 3. Nc3 Bc5 (3... Nf6) (3... Nf6 4. Bc4 Nxe4 5. Bxf7+ Kxf7
6. Nxe4) 4. Nxe5 Bxf2+ (4... Nxe5 5. d4 Bd6 6. dxe5 Bxe5) 5. Kxf2 Nxe5 6. d4
Ng6 7. Bc4 d6 8. Rf1 Nf6 (8... Be6) 9. e5 $6 (9. Kg1 $16) 9... dxe5 10. dxe5
Qxd1 11. Rxd1 Ng4+ 12. Kg1 N4xe5 13. Re1 O-O 14. Bb3 c6 (14... Be6) 15. h4 Re8
16. h5 Nf3+ 17. gxf3 Rxe1+ 18. Kf2 Re8 (18... Rxc1 19. Rxc1 Nf4) 19. hxg6 hxg6
20. Bf4 Bf5 (20... Be6) 21. Ne2 Rad8 22. Ng3 Be6 23. Bxe6 Rxe6 24. Ne4 Rde8 (
24... f6) 25. Rd1 b6 26. Rd7 R6e7 27. Rxe7 Rxe7 28. b4 f6 29. a4 Kf7 30. c4 Rd7
31. c5 bxc5 32. bxc5 Rd4 33. a5 Ke6 34. Ke3 Ra4 35. Bc7 Kd7 (35... Ra3+) 36.
Bd6 Rxa5 (36... Ra3+ 37. Ke2 Rxa5) 37. Bf8 f5 38. Ng5 Ke8 (38... Rb5) 39. Bd6
Ra3+ 40. Kd4 a5 41. Kc4 Ra1 42. f4 Rb1 $1 43. Kc3 a4 44. Kc2 Rb5 45. Ne6 a3 46.
Nc7+ Kd7 47. Nxb5 1-0

[Event "Mechanics' Summer TNM; G/2"]
[Site "San Francisco"]
[Date "2015.07.14"]
[Round "8.23"]
[White "Brown, David G"]
[Black "Raza, Aezed"]
[Result "1-0"]
[WhiteElo "1323"]
[BlackElo "1697"]
[Annotator "Donaldson"]
[PlyCount "57"]
[EventDate "2015.??.??"]

1. e4 c5 2. Nf3 d6 3. c3 Nf6 4. d3 g6 5. Bg5 Bg7 6. Be2 O-O 7. O-O Nc6 8. Nbd2
b6 9. a4 Bb7 10. Nc4 Qc7 11. Qd2 Rfd8 12. Qf4 Nh5 13. Qe3 d5 14. Na3 d4 15.
cxd4 Nxd4 16. Nxd4 Bxd4 17. Qd2 Nf6 18. Nb5 Qd7 19. Nxd4 Qxd4 20. Be3 Qd7 21.
Qc3 Qd6 22. a5 e5 23. f4 exf4 (23... Nd7) 24. Bxf4 Qd4+ $2 25. Qxd4 cxd4 26.
axb6 axb6 27. Bg5 Rxa1 28. Rxa1 Rd6 29. e5 1-0

[Event "Mechanics' Winter TNM; 30/90, SD/30"]
[Site "San Francisco"]
[Date "2015.02.24"]
[Round "8.46"]
[White "Brown, Nicholas"]
[Black "Henriques, Keith"]
[Result "1-0"]
[WhiteElo "1502"]
[BlackElo "145"]
[PlyCount "43"]
[EventDate "2015.??.??"]

1. d4 d5 2. c4 c6 3. Nf3 Be6 4. cxd5 cxd5 5. Nc3 Nf6 6. e3 a6 7. Bd3 Nc6 8. O-O
g6 9. Re1 h5 10. Bd2 Bh6 11. Ne2 O-O 12. Qc2 Qd6 13. Ng3 Ng4 14. Re2 f5 15. Nh4
Rf6 16. h3 Nge5 17. dxe5 Nxe5 18. Bc3 Bg5 19. Bxe5 Qxe5 20. Nf3 Rc8 21. Nxe5
Rxc2 22. Rxc2 1-0

[Event "Mechanics' Spring TNM; G/2"]
[Site "San Francisco"]
[Date "2015.03.31"]
[Round "3.34"]
[White "Brown, Nicholas"]
[Black "McKellar, Daniel"]
[Result "0-1"]
[WhiteElo "1484"]
[BlackElo "1674"]
[PlyCount "60"]
[EventDate "2015.??.??"]

1. d4 d5 2. c4 c6 3. Nc3 Nf6 4. Nf3 e6 5. Bg5 h6 6. Bxf6 Qxf6 7. e3 Nd7 8. Bd3
dxc4 9. Bxc4 b5 10. Bd3 Bb7 11. Ne4 Qd8 12. O-O a6 13. Rc1 Qb6 14. Qe2 Be7 15.
a3 a5 16. Rc2 b4 17. axb4 axb4 18. b3 O-O 19. Rfc1 Ra3 20. Ned2 Qa7 21. Qe1 c5
22. Bc4 Rc8 23. dxc5 Bxc5 24. Bb5 Nf6 25. Ba4 Be4 26. Rb2 Qa8 27. Qe2 Ng4 28.
Nxe4 Qxe4 29. Nd2 Qe5 30. Qc4 Qxh2+ 0-1

[Event "Mechanics' Winter TNM; 30/90, SD/30"]
[Site "San Francisco"]
[Date "2015.02.03"]
[Round "5.38"]
[White "Brown, Nicholas"]
[Black "Montoya, Daniel"]
[Result "0-1"]
[WhiteElo "1502"]
[BlackElo "1615"]
[Annotator "Donaldson"]
[PlyCount "34"]
[EventDate "2015.??.??"]

1. d4 e6 2. c4 f5 3. Nc3 Nf6 4. Nf3 Be7 5. e3 O-O 6. Bd3 c6 7. O-O d5 8. Qb3
Ne4 9. cxd5 exd5 10. Nxe4 fxe4 {Diagram #} 11. Bxe4 $1 Kh8 12. Bd3 Rxf3 13.
gxf3 Bh3 14. e4 (14. Rd1 Bd6 15. f4 Qh4 16. Be2 {
challenges Black to prove if his attack is sound.}) 14... dxe4 15. fxe4 (15.
Bxe4 Bxf1 16. Qxb7) 15... Qd7 16. Bf4 $4 (16. Be2 Bxf1 17. Bxf1 {favors White.}
) 16... Qg4+ 17. Bg3 Qf3 $1 0-1

[Event "Mechanics' Spring TNM; G/2"]
[Site "San Francisco"]
[Date "2015.04.21"]
[Round "6.43"]
[White "Brown, Nicholas"]
[Black "Olson, David"]
[Result "1-0"]
[WhiteElo "1484"]
[BlackElo "1426"]
[Annotator "Winslow,Elliott"]
[PlyCount "55"]
[EventDate "2015.??.??"]

1. d4 d5 2. c4 Nf6 3. Nc3 Nc6 4. cxd5 Nxd5 5. e4 Nf6 6. Nf3 Bg4 7. d5 $1 {
87. 3% in the database (!)} Ne5 $2 {Anything else! Diagram [#]} 8. Be2 $2 (8.
Nxe5 $3 {21-0 on Chessbase's online database (!!)} Bxd1 9. Bb5+ c6 10. dxc6 {
11.c7+ *will* be winning back the queen with interest.} Bg4 {
I like the continuation} 11. cxb7+ {(!)} Bd7 12. Nc6 $1 Rb8 13. Nxd8 Kxd8 14.
Ba6 e5 15. Be3 Bc6 16. Bxa7 Rxb7 17. Bxb7 Bxb7 18. O-O-O+ Kc8 19. f3 Be7 20.
Kb1 Ba6 21. Nd5 Nxd5 22. Rxd5 f6 23. Rc1+ {
1-0 (23) Toth,D (2233)-Miovecz,A (1698) Balatonlelle 2006}) 8... Ned7 (8...
Nxf3+) 9. O-O g6 10. Bf4 Nc5 11. Nb5 Na6 12. Be5 Bg7 13. Rc1 O-O 14. Nd2 Bxe2
15. Qxe2 c6 16. dxc6 bxc6 17. Rxc6 Nb8 18. Rc4 Na6 19. Rfc1 Bh6 20. Rd1 Qa5 21.
a4 Nd7 22. Nb3 Nxe5 23. Nxa5 Nxc4 24. Nxc4 Nc5 25. Nc3 Bg7 26. Nd5 Rab8 27. b4
Rxb4 28. Nxb4 1-0